| 000 | 005160000a22001810004500 | ||
|---|---|---|---|
| 020 | _a0-311-11037-1 | ||
| 041 | 0 | _aSPA | |
| 082 | 0 | 4 | _aG 793 C1871r |
| 100 | 1 | _aCampbell, Viola D. | |
| 245 | 1 | 0 | _aRecreación cristiana : Juegos, actividades y programación / Viola Dee Campbell |
| 260 | _aEl Paso, TX., USA : Casa Bautista de Publicaciones | ||
| 300 | _a64 Pag | ||
| 001 | 10729 | ||
| 942 | _cBK | ||
| 999 |
_c40188 _d40188 |
||
| 336 |
_atexto _btxt _2rdacontent |
||
| 337 |
_2rdamedia _asin mediación _bn |
||
| 338 |
_2rdacarrier _avolumen _bnc |
||